00550nam a22001217a 4500008004100000040003100041041000800072245015000080653001800230653001600248653001800264773014600282201130b ||||| |||| 00| 0 eng d bgercDE-2950erdaaDE-2950 ager aHang des Schlossbergs vermessen.bUntersuchung: Bei einem Vorort-Termin wurde die Vorgehensweise zum Nachweis möglicher Rutschungen festgelegt. aLebus  aSchlossberg aHangsicherung dFrankfurt (Oder): Märkisches Verlags- und Druckhaus GmbH & Co KGg32. Jahrgang (2021) Nr. 45 vom 23.02.2021, S. 15tMärkische Oderzeitung